Counties by Letter: U - Statistics

General Stats
  • This quiz has been taken 22 times
  • The average score is 24 of 29
Answer Stats
State County % Correct
Arkansas Union
100%
Florida Union
100%
Georgia Union
100%
Illinois Union
100%
Indiana Union
100%
Iowa Union
100%
Kentucky Union
100%
Louisiana Union
100%
Mississippi Union
100%
New Jersey Union
100%
New Mexico Union
100%
North Carolina Union
100%
Ohio Union
100%
Oregon Union
100%
Pennsylvania Union
100%
South Carolina Union
100%
South Dakota Union
100%
Tennessee Union
100%
Utah Utah
79%
Texas Upton
57%
New York Ulster
50%
Oregon Umatilla
50%
Texas Upshur
50%
West Virginia Upshur
50%
Texas Uvalde
50%
Wyoming Uinta
43%
Utah Uintah
43%
Tennessee Unicoi
43%
Georgia Upson
43%
No matching quizzes found
Score Distribution
Percent of People with Each Score
Percentile by Number Answered
Your Score History
You have not taken this quiz